000 00324nam a22001457a 4500
003 SGT
020 _a938426637-X
082 _a615.1
_bPAU
100 _aPAUL, SWARNALI DAS
245 _aINDUSTRIAL PHARMACY -II
260 _aINDIA
_bBIRLA PUB.
_c2024
300 _a248
650 _aINDUSTRIAL PHARMACY
942 _2ddc
_cBK
999 _c33026
_d33026